| 000 | 01343nam a2200373 i 4500 | ||
|---|---|---|---|
| 001 | 198419 | ||
| 003 | ES-MaACL | ||
| 005 | 20260601185110.0 | ||
| 007 | ta | ||
| 008 | 260601s1964 sp a|||| |||| 001 1 spa d | ||
| 017 |
_aB 1417-1960 _bOficina Depósito Legal Barcelona |
||
| 040 |
_aES-MaACL _bspa _cES-MaACL _erda |
||
| 080 | _a82"19"(082.2) | ||
| 100 | 1 |
_aMartin du Gard, Roger _4aut _977475 _eaut |
|
| 245 | 1 | 0 | _aRoger Martin du Gard, Boris L. Pasternak |
| 250 | _aPrimera edición | ||
| 264 | 1 |
_aBarcelona : _bPlaza & Janés, _c1967 |
|
| 300 |
_a2252 páginas y 2 hojas sin numerar : _bretratos (blanco y negro) ; _c18 cm |
||
| 336 |
_2rdacontent _aTexto |
||
| 337 |
_2rdamedia _asin mediación |
||
| 338 |
_2rdacarrier _avolumen |
||
| 490 | 0 |
_aLos premios Nobel de literatura ; _v11 |
|
| 500 | _aRegistro provisional | ||
| 500 | _aÍndice | ||
| 505 | 0 | _aLos Thibault / Roger Martin du Gard -- El Doctor Jivago / Boris L. Pasternak | |
| 546 | _aTraducido del francés y ruso | ||
| 650 | 4 |
_aLiteratura- _yS.XX _914497 |
|
| 700 | 1 |
_aPasternak, Boris Leonidovich _989464 _4aut _eaut |
|
| 852 |
_aES-MaACL _cDES _jDB-221 _hDonación: J. Porto _xEncuadernación cartoné _9207397 |
||
| 942 |
_cMONOGRAFIA _n0 |
||
| 999 |
_c198419 _d198419 |
||